000 00613nam a2200205 4500
008 010511s1994 us 0 engYA
020 _a0801097282
090 _aBV4012.2
_bW12s
100 1 _aWahking, Harold
245 1 0 _aSexual issues /
_cHarold Wahking and Gene Zimmerman
260 _aMichigan :
_bBaker,
_cc1994.
300 _a197 p.
490 1 _aStrategic pastoral counseling resources
504 _aIncludes bibliographical references.
650 4 _aPastoral counseling
650 4 _aSex counseling
650 4 _aSex
_xReligious aspects
_xChristianity
700 1 _aZimmerman, Gene
950 0 _14.99
999 _c1301
_d1301